Rois et Pharaons d'Egypte - XXIXe à XXXIIIe Dynasties - Statistiques

Statistiques générales
  • Ce quiz a été pris 14 fois
  • Le résultat moyen est 21 sur 39
Statistiques - réponses
Années Pharaon Dynastie Statut % Correct
-305 / -283 Ptolémée I XXXIII Dynastie Grand Pharaon d'Egypte
93%
-283 / -246 Ptolémée II XXXIII Dynastie Grand Pharaon d'Egypte
93%
-246 / -222 Ptolémée III XXXIII Dynastie Grand Pharaon d'Egypte
93%
-222 / -204 Ptolémée IV XXXIII Dynastie Grand Pharaon d'Egypte
93%
-88 / -80 Ptolémée X XXXIII Dynastie Pharaon d'Egypte
86%
-101 / -88 Cléopâtre V XXXIII Dynastie Pharaonne d'Egypte
79%
-58 / -57 Cléopâtre VI XXXIII Dynastie Pharaonne d'Egypte
79%
-51 / -30 Cléopâtre VII XXXIII Dynastie Pharaonne d'Egypte
79%
-116 / -107 Ptolémée IX XXXIII Dynastie Pharaon d'Egypte
79%
-204 / -181 Ptolémée V XXXIII Dynastie Grand Pharaon d'Egypte
79%
-176 / -145 Ptolémée VI XXXIII Dynastie Grand Pharaon d'Egypte
79%
-145 / -144 Ptolémée VII XXXIII Dynastie Grand Pharaon d'Egypte
79%
-144 / -116 Ptolémée VIII XXXIII Dynastie Pharaon d'Egypte
79%
-80 Ptolémée XI XXXIII Dynastie Pharaon d'Egypte
79%
-80 / -58 Ptolémée XII XXXIII Dynastie Pharaon d'Egypte
79%
-44 / -30 Ptolémée XV XXXIII Dynastie Pharaon d'Egypte
79%
-181 / -176 Cléopâtre I XXXIII Dynastie Grande Pharaonne d'Egypte
71%
-116 Cléopâtre II XXXIII Dynastie Pharaonne d'Egypte
71%
-107 / -101 Cléopâtre III XXXIII Dynastie Pharaonne d'Egypte
71%
-101 Cléopâtre IV XXXIII Dynastie Pharaonne d'Egypte
71%
-55 / -51 Ptolémée XIII XXXIII Dynastie Pharaon d'Egypte
71%
-47 Ptolémée XIII XXXIII Dynastie Pharaon d'Egypte
71%
-47 / -44 Ptolémée XIV XXXIII Dynastie Pharaon d'Egypte
71%
-332 / -323 Alexandre le Grand XXXII Dynastie Roi de Macédoine et d'Egypte
57%
-317 / -309 Alexandre IV XXXII Dynastie Roi de Macédoine et d'Egypte
43%
-49 / -47 Arsinoé IV XXXIII Dynastie Pharaon d'Egypte
36%
-57 / -55 Bérénice IV XXXIII Dynastie Pharaonne d'Egypte
36%
-323 / -317 Philippe III XXXII Dynastie Roi de Macédoine et d'Egypte
29%
-338 / -336 Arsès XXXI Dynastie Pharaon de Basse-Egypte
21%
-342 / -338 Artaxerxès III XXXI Dynastie Empereur d'Achéménide
21%
-336 / -330 Darius III XXXI Dynastie Grand Pharaon d'Egypte
21%
-380 / -362 Nectanébo I XXX Dynastie Prince de Sybennitos
14%
-360 / -342 Nectanébo II XXX Dynastie Grand Pharaon d'Egypte
14%
-393 / 380 Achôris XXIX Dynastie Grand Pharaon d'Egypte
7%
-362 / -360 Téos XXX Dynastie Grand Pharaon d'Egypte
7%
-393 Mouthis XXIX Dynastie Grand Pharaon d'Egypte
0%
- 398 / -393 Néphéritès I XXIX Dynastie Grand Pharaon d'Egypte
0%
-380 Néphéritès II XXIX Dynastie Grand Pharaon d'Egypte
0%
-393 Psammouthis XXIX Dynastie Grand Pharaon d'Egypte
0%
Aucun quiz correspondant
Distribution des résultats
% des personnes avec chaque résultat
Percentile par nombre de réponses
Votre historique - résultats
Vous n’avez pas pris ce quiz